| 000 | 00421nam a22001457a 4500 | ||
|---|---|---|---|
| 008 | 230404b |||||||| |||| 00| 0 eng d | ||
| 020 | _a978-93-93559-32-6 | ||
| 082 | _a428.40 | ||
| 100 | _aJonathan Levi | ||
| 245 |
_aBe a super learner: _bThe proven methodology to read faster and remember more |
||
| 260 |
_bJaico Publishing House, _c2022 |
||
| 300 |
_a193 p. _c21.5 cm |
||
| 942 | _2ddc | ||
| 999 |
_c9451 _d9452 |
||